| 000 | 01638cam a22004814i 4500 | ||
|---|---|---|---|
| 003 | PE-LiUPU | ||
| 005 | 20250731165646.0 | ||
| 008 | 150616s r 000 0 d | ||
| 035 | _a(Sirsi) a8000 | ||
| 035 | _a(Sirsi) a8000 | ||
| 040 |
_aPE-LiUPU _bspa _cPE-LiUPU _erda |
||
| 049 | _aPRUA | ||
| 082 | 0 | 4 |
_a332.642 _bC73 _221 |
| 110 | 2 | _aComisión Nacional Supervisora de Empresas y Valores | |
| 245 | 1 | 0 |
_aGlosario de Terminología Bursatil / _cComisión Nacional Supervisora de Empresas y Valores. |
| 264 | 1 |
_aMiraflores, Lima : _bEditorial Fimart, _c1994. |
|
| 300 |
_a131 páginas ; _c20 cm. |
||
| 336 |
_atext _2rdacontent |
||
| 337 |
_aunmediated _2rdamedia |
||
| 338 |
_avolume _2rdacarrier |
||
| 526 | _aSEG44 | ||
| 526 | _aSEG26 | ||
| 526 | _aP151 | ||
| 526 | _aP150 | ||
| 526 | _aP149 | ||
| 526 | _aP146 | ||
| 526 | _aP145 | ||
| 526 | _aP126 | ||
| 526 | _aP125 | ||
| 526 | _aP92 | ||
| 526 | _aP75 | ||
| 526 | _aP74 | ||
| 526 | _aP27 | ||
| 526 | _aP15 | ||
| 650 | 0 | 4 |
_aBolsa de Valores _xGlosarios, vocabularios, etc. |
| 910 |
_ajck _bjvq _cjck |
||
| 942 |
_2ddc _cBOOK |
||
| 949 |
_aRC 332.642 C73 _wDEWEY _c1 _i41635 _lRC _mBUL _r0 _sY _tBOOK _u2015-6-16 _xFCE _PP08 _0COMPRA _o.CIRCNOTE. No olvidar cambiar la fecha de devolución!!!!!!! _o.STAFF. Colección General |
||
| 994 |
_aC0 _bPEPRU |
||
| 596 | _a1 | ||
| 999 |
_aRC 332.642 C73 _wDEWEY _c59305 _i41635 _f2021-11-8 _g4 _lRCG _mBUL _r1 _sY _tBOOK _u2015-6-16 _xBIBLIOTECA _PP08 _0COMPRA _o.CIRCNOTE. No olvidar cambiar la fecha de devolución!!!!!!! _o.STAFF. Colección General _d59305 |
||
| 980 |
_81 _gALBERTO SANCHEZ Responsable de Automatización |
||